| 000 | 00472nam a2200205Ia 4500 | ||
|---|---|---|---|
| 008 | 210210b1935 xxu||||| |||| 00| 0 eng d | ||
| 041 | _aeng | ||
| 082 | _a829/1219 | ||
| 100 | _aWELLS (H G) | ||
| 245 | _aWheels of chance the time machine | ||
| 260 |
_aNew York _bJ M Dent and Sons Ltd. _c1935 |
||
| 650 | _aWheels | ||
| 650 | _atime | ||
| 650 | _athe | ||
| 650 | _aof | ||
| 650 | _amachine | ||
| 650 | _achance | ||
| 690 | _aEnglish Fiction | ||
| 906 | _a017830 | ||
| 999 |
_c137814 _d137814 |
||